Statistiques concernant Les 20 villes des Pays de la Loire les plus peuplées (population communale)

Cliquez ici pour prendre le quiz!

Statistiques générales

  • Ce quiz a été pris 93 fois
  • Le résultat moyen est 10 sur 20

Statistiques - réponses

Population Ville % Correct
283 025Nantes
99%
151 108Angers
93%
144 164Le Mans
84%
50 613Laval
80%
51 124La Roche-sur-Yon
76%
68 522Saint-Nazaire
76%
54 371Cholet
65%
28 113Saumur
55%
15 433Les Sables-d'Olonne
53%
43 516Saint-Herblain
49%
16 719La Baule-Escoublac
47%
37 846Rezé
46%
17 956Carquefou
41%
24 564Orvault
36%
24 724Saint-Sébastien-sur-Loire
30%
21 199Vertou
26%
16 816La Chapelle-sur-Erdre
22%
18 035Challans
19%
18 392Couëron
18%
16 698Bouguenais
15%

Distribution des résultats

Percentile by Number Answered

% des personnes avec chaque résultat

Votre développement - résultats

Vous n’avez pas pris ce quiz